000
00301nam a22001337a 4500
008
170825b xxu||||| |||| 00| 0 eng d
020
_a
9781424079544
041
_a
eng
080
_2
2ND
_a
070
100
_a
39
101
_a
MED
245
_a
CONFIDENT PUBLIC SPEAKING
_c
SELLNOW,D.D
942
_2
udc
_c
BK
999
_c
25124
_d
25124